[Event "Aeroflot Open 2011 B"]
[Site "Moscu RUS"]
[Date "2011.02.08"]
[Round "1.24"]
[White "Zhao, Xue"]
[Black "Khantuev, Alexander"]
[Result "1-0"]
[WhiteElo "2494"]
[BlackElo "2347"]
[PlyCount "71"]
[EventDate "2011.02.08"]
[EventType "swiss"]
[EventRounds "9"]
[EventCountry "RUS"]
[Source "lmi"]
[SourceDate "2011.02.08"]

1. d4 Nf6 2. c4 e6 3. Nf3 Bb4+ 4. Nbd2 b6 5. a3 Bxd2+ 6. Qxd2 Bb7 7. e3 O-O 8.
Be2 Ne4 9. Qc2 f5 10. O-O d6 11. b4 Rf6 12. d5 Rg6 13. Nd4 exd5 14. cxd5 Bxd5
15. f3 Nf6 16. Nxf5 Bb7 17. e4 Nh5 18. Be3 Nd7 19. Rac1 Rc8 20. Qa4 Ne5 21.
Qxa7 Bc6 22. Rxc6 Nxc6 23. Qb7 d5 24. exd5 Rb8 25. dxc6 Rxb7 26. cxb7 Kf8 27.
a4 Qb8 28. Ba6 Re6 29. Nd4 Rd6 30. b5 Nf4 31. Nc6 Rxc6 32. bxc6 Nd5 33. Bf2 Ne7
34. Bb5 Nf5 35. Rd1 Nd6 36. Rxd6 1-0

[Event "Aeroflot Open 2011 B"]
[Site "Moscu RUS"]
[Date "2011.02.08"]
[Round "1.25"]
[White "Hayrapetian, Ovik"]
[Black "Gundavaa, Bayarsaikhan"]
[Result "0-1"]
[WhiteElo "2344"]
[BlackElo "2493"]
[PlyCount "91"]
[EventDate "2011.02.08"]
[EventType "swiss"]
[EventRounds "9"]
[EventCountry "RUS"]
[Source "lmi"]
[SourceDate "2011.02.08"]

1. d4 Nf6 2. Nf3 e6 3. a3 d5 4. c4 Nbd7 5. Nc3 Be7 6. Bg5 h6 7. Bh4 O-O 8. e3
b6 9. cxd5 exd5 10. Rc1 Bb7 11. Bd3 Ne4 12. Bxe7 Qxe7 13. Qb3 Ndf6 14. Ne5 Nc5
15. dxc5 Qxe5 16. Ne2 Ne4 17. c6 Bc8 18. Nf4 Rd8 19. Bxe4 dxe4 20. O-O g5 21.
Nh5 Be6 22. Qb4 Bf5 23. f4 exf3 24. Rxf3 a5 25. Qe1 Rd6 26. Qf2 Bg6 27. Nf6+
Kg7 28. Rf1 Rxc6 29. Ng4 Qe7 30. b3 Rc2 31. Qe1 Qxa3 32. Ne5 Qb2 33. Qg3 Rxg2+
34. Qxg2 Qxe5 35. h4 Rf8 36. hxg5 hxg5 37. Rg3 f6 38. Rh3 Rd8 39. Rc1 Be4 40.
Qe2 Bf5 41. Rh2 c5 42. Qf3 Qe4 43. Qf2 Rd3 44. Rf1 Rxe3 45. Rg2 Kg6 46. Rxg5+
0-1

[Event "Aeroflot Open 2011 B"]
[Site "Moscu RUS"]
[Date "2011.02.08"]
[Round "1.26"]
[White "Delorme, Axel"]
[Black "Malek, Daniel"]
[Result "0-1"]
[WhiteElo "2492"]
[BlackElo "2340"]
[PlyCount "170"]
[EventDate "2011.02.08"]
[EventType "swiss"]
[EventRounds "9"]
[EventCountry "RUS"]
[Source "lmi"]
[SourceDate "2011.02.08"]

1. d4 Nf6 2. c4 e6 3. g3 d5 4. Nf3 Be7 5. Bg2 O-O 6. O-O dxc4 7. Qc2 a6 8. a4
Bd7 9. Qxc4 Bc6 10. Bg5 Bd5 11. Qd3 c5 12. Nc3 Bc6 13. Rfd1 cxd4 14. Bxf6 Bxf6
15. Nxd4 Bxg2 16. Kxg2 Qe7 17. Ne4 Nd7 18. Nc6 bxc6 19. Qxd7 Qxd7 20. Rxd7 Rfd8
21. Rc7 Rdc8 22. Rxc8+ Rxc8 23. Rb1 Kf8 24. Nc5 a5 25. Nb7 Bd8 26. Nd6 Rb8 27.
Nc4 Bc7 28. b3 Ke7 29. Kf3 f5 30. h3 h5 31. e4 g5 32. exf5 exf5 33. Ke3 Rd8 34.
b4 axb4 35. Rxb4 Rd1 36. Rb7 Kd8 37. Ra7 c5 38. Ra8+ Kd7 39. a5 Rd4 40. Nb6+
Kc6 41. Rc8 Kb7 42. Rf8 f4+ 43. Ke2 fxg3 44. fxg3 Ka6 45. Rf5 Kxa5 46. Rxc5+
Kxb6 47. Rxg5 h4 48. gxh4 Rxh4 49. Rg4 Rxh3 50. Rg5 Kc6 51. Rf5 Kd6 52. Rg5 Ke6
53. Kf1 Be5 54. Kg2 Ra3 55. Kf1 Kd5 56. Rg4 Ra2 57. Rg2 Ra1+ 58. Ke2 Ke4 59.
Rg4+ Bf4 60. Rg2 Rb1 61. Rf2 Bg3 62. Rg2 Rb3 63. Kf1 Kf3 64. Rf2+ Kg4 65. Rc2
Re3 66. Re2 Rf3+ 67. Kg2 Bf4 68. Rf2 Rd3 69. Re2 Be3 70. Kf1 Kf4 71. Rg2 Ra3
72. Ke2 Ke4 73. Rg4+ Bf4 74. Rg2 Re3+ 75. Kf1 Rf3+ 76. Rf2 Rh3 77. Kg2 Rh8 78.
Kf1 Ke3 79. Re2+ Kd3 80. Re6 Rh2 81. Kg1 Rc2 82. Kf1 Be3 83. Ra6 Ke4 84. Rf6
Bf4 85. Ke1 Kf3 0-1

[Event "Aeroflot Open 2011 B"]
[Site "Moscu RUS"]
[Date "2011.02.08"]
[Round "1.27"]
[White "Matinian, Nikita"]
[Black "Korobkov, Piotr"]
[Result "1-0"]
[WhiteElo "2339"]
[BlackElo "2492"]
[PlyCount "77"]
[EventDate "2011.02.08"]
[EventType "swiss"]
[EventRounds "9"]
[EventCountry "RUS"]
[Source "lmi"]
[SourceDate "2011.02.08"]

1. e4 c6 2. d4 d5 3. e5 Bf5 4. Nf3 e6 5. Be2 Nd7 6. O-O h6 7. Nbd2 Ne7 8. Nb3
Bh7 9. a4 Ng6 10. Be3 Be7 11. Ne1 c5 12. f4 cxd4 13. Nxd4 O-O 14. g3 Bc5 15. c3
a6 16. Nd3 Bb6 17. Qd2 Ne7 18. g4 Nc5 19. Rad1 Nxa4 20. Rf3 Nc5 21. Nxc5 Bxc5
22. Rh3 Qd7 23. Rf1 f6 24. f5 Bxd4 25. cxd4 exf5 26. Bxh6 fxg4 27. Bxg4 Qxg4+
28. Rg3 Qxg3+ 29. hxg3 gxh6 30. Qxh6 Nf5 31. Rxf5 Bxf5 32. exf6 Rf7 33. Qg5+
Kh8 34. Qxf5 Raf8 35. Qxd5 Kh7 36. g4 Rxf6 37. Qh1+ Kg8 38. Qxb7 Rg6 39. Qe4
1-0

[Event "Aeroflot Open 2011 B"]
[Site "Moscu RUS"]
[Date "2011.02.08"]
[Round "1.28"]
[White "Petrosian, Davit G"]
[Black "Denisov, Lev"]
[Result "1/2-1/2"]
[WhiteElo "2485"]
[BlackElo "2337"]
[PlyCount "99"]
[EventDate "2011.02.08"]
[EventType "swiss"]
[EventRounds "9"]
[EventCountry "RUS"]
[Source "lmi"]
[SourceDate "2011.02.08"]

1. e4 e5 2. Nf3 Nc6 3. d4 exd4 4. Nxd4 Nf6 5. Nc3 Bb4 6. Nxc6 bxc6 7. Bd3 O-O
8. O-O d5 9. exd5 cxd5 10. Bg5 c6 11. Na4 Re8 12. c4 Be6 13. Rc1 Rb8 14. cxd5
cxd5 15. Qf3 Be7 16. b3 h6 17. Bxf6 Bxf6 18. Nc5 Qd6 19. Nxe6 Rxe6 20. g3 g6
21. Rfd1 Rd8 22. Bc4 Re5 23. Rxd5 Rxd5 24. Bxd5 Kg7 25. Rc6 Qe5 26. Kg2 Rd6 27.
Rxd6 Qxd6 28. h4 h5 29. Bc4 a5 30. Qb7 Be7 31. a3 Qc5 32. Qd7 Qd6 33. Qb5 Qc7
34. b4 axb4 35. axb4 Bd6 36. Bd5 Qe7 37. Qc4 Bxb4 38. Bxf7 Bc5 39. Bd5 Bd6 40.
Be4 Qf6 41. Qd5 Qe5 42. Qb7+ Qe7 43. Qc6 Qe6 44. Qc3+ Qf6 45. Qd3 Bc5 46. Qc2
Bb6 47. Bd3 Bd4 48. f4 Qb6 49. Kh3 Qe6+ 50. f5 1/2-1/2

[Event "Aeroflot Open 2011 B"]
[Site "Moscu RUS"]
[Date "2011.02.08"]
[Round "1.29"]
[White "Tologontegin, Semetey"]
[Black "Gavrilov, Alexei"]
[Result "0-1"]
[WhiteElo "2331"]
[BlackElo "2484"]
[PlyCount "110"]
[EventDate "2011.02.08"]
[EventType "swiss"]
[EventRounds "9"]
[EventCountry "RUS"]
[Source "lmi"]
[SourceDate "2011.02.08"]

1. d4 Nf6 2. c4 e6 3. Nc3 Bb4 4. e3 O-O 5. Nge2 d5 6. a3 Be7 7. cxd5 exd5 8. g3
Bf5 9. Bg2 Qd7 10. Nf4 c6 11. f3 Bd6 12. g4 Be6 13. O-O Na6 14. b4 Nc7 15. Nd3
h6 16. h3 Rfd8 17. Bd2 Qe7 18. Qc2 a5 19. Na4 axb4 20. axb4 Nb5 21. Ndc5 Ne8
22. Qd3 Bb8 23. Nxe6 Qxe6 24. Nc3 Rxa1 25. Rxa1 Ned6 26. Nxb5 Nxb5 27. Be1 Re8
28. Bf2 Bd6 29. Qd2 Qe7 30. Ra4 Bc7 31. e4 dxe4 32. fxe4 Bb6 33. d5 Bxf2+ 34.
Qxf2 Nc3 35. Ra7 cxd5 36. exd5 Qxb4 37. Ra1 Ne2+ 38. Kh1 Nf4 39. Qc2 g6 40. Rf1
g5 41. Qf5 Re2 42. d6 Qxd6 43. Be4 Kf8 44. Qc8+ Kg7 45. Qf5 Re3 46. Qh7+ Kf8
47. Bg2 Qe6 48. Qh8+ Ke7 49. Qb8 b6 50. Qa7+ Kf6 51. Qa1+ Qe5 52. Qb1 Kg7 53.
Qxb6 Nxg2 54. Rxf7+ Kxf7 55. Qb7+ Qe7 0-1

[Event "Aeroflot Open 2011 B"]
[Site "Moscu RUS"]
[Date "2011.02.08"]
[Round "1.30"]
[White "Bogdanovich, Stanislav"]
[Black "Oparin, Grigoriy"]
[Result "1/2-1/2"]
[WhiteElo "2484"]
[BlackElo "2328"]
[PlyCount "118"]
[EventDate "2011.02.08"]
[EventType "swiss"]
[EventRounds "9"]
[EventCountry "RUS"]
[Source "lmi"]
[SourceDate "2011.02.08"]

1. e4 c5 2. Nf3 d6 3. d4 cxd4 4. Nxd4 Nf6 5. Nc3 a6 6. Be2 e6 7. O-O Be7 8. Be3
O-O 9. f4 Nc6 10. Bf3 Qc7 11. Nb3 b5 12. g4 Bb7 13. g5 Nd7 14. Qe1 Rfe8 15. Bg2
Nb6 16. Rd1 Rad8 17. Qh4 Nc4 18. Bc1 g6 19. f5 b4 20. Ne2 Bf8 21. Nf4 N4e5 22.
Qg3 a5 23. Ne2 Ba6 24. Rfe1 Bxe2 25. Rxe2 a4 26. Nd4 Nxd4 27. Rxd4 exf5 28.
exf5 Qc5 29. Be3 Nc4 30. Rd5 Qc8 31. Qf2 Nxe3 32. Rxe3 Rxe3 33. Qxe3 Qxc2 34.
Qd2 Qxd2 35. Rxd2 gxf5 36. Rd4 Rb8 37. Rf4 Bg7 38. b3 axb3 39. axb3 Rb5 40. Bf1
Be5 41. Bxb5 Bxf4 42. Bd3 Bxg5 43. Bxf5 Kg7 44. Kg2 h6 45. Be4 Kf6 46. Bd5 Kg6
47. Kf3 f5 48. h3 Kf6 49. Bb7 Ke5 50. Bc8 Bc1 51. Bd7 d5 52. Bc8 d4 53. Ba6 Be3
54. Bd3 Kf6 55. Bc2 Kg5 56. Bd3 f4 57. Kg2 Kh4 58. Be2 Bc1 59. Bf1 Bd2 1/2-1/2

[Event "Aeroflot Open 2011 B"]
[Site "Moscu RUS"]
[Date "2011.02.08"]
[Round "1.31"]
[White "Ivakhinova, Inna"]
[Black "Kabanov, Nikolai"]
[Result "0-1"]
[WhiteElo "2324"]
[BlackElo "2482"]
[PlyCount "126"]
[EventDate "2011.02.08"]
[EventType "swiss"]
[EventRounds "9"]
[EventCountry "RUS"]
[Source "lmi"]
[SourceDate "2011.02.08"]

1. d4 d6 2. Nf3 g6 3. c4 Bg7 4. Nc3 Bg4 5. h3 Bxf3 6. exf3 e6 7. Be2 Ne7 8. O-O
O-O 9. Re1 d5 10. Bg5 c6 11. Qd2 Nd7 12. cxd5 cxd5 13. Rac1 Nf6 14. Na4 Nf5 15.
Nc5 Qe7 16. Rc2 Rfc8 17. Rec1 h6 18. Bf4 Ne8 19. Nb3 Rxc2 20. Rxc2 a5 21. Be5
Qb4 22. g4 Qxd2 23. Rxd2 Ne7 24. Bxg7 Kxg7 25. a4 b6 26. Rc2 Rc8 27. Rxc8 Nxc8
28. f4 Ned6 29. Nd2 Ne7 30. Kf1 g5 31. fxg5 hxg5 32. Nf3 Kf6 33. Ke1 Ng6 34.
Kd2 e5 35. Ke3 e4 36. Nd2 Ke6 37. f3 f5 38. fxe4 fxe4 39. b3 Nc8 40. Nb1 Nce7
41. Na3 Nh4 42. Nc2 Neg6 43. Ne1 Kd6 44. Bb5 Nf4 45. Bf1 Ne6 46. Nc2 Ke7 47.
Ne1 Kf6 48. Be2 Nc7 49. Bf1 Ke7 50. Nc2 Kd6 51. Be2 Kc6 52. Na3 Ne6 53. Nc2 Nf4
54. Bb5+ Kd6 55. Bf1 Nf3 56. Na3 Nh2 57. Nb5+ Ke6 58. Be2 Nxh3 59. Bd1 Nf4 60.
Kf2 Nd3+ 61. Kg2 Nf3 62. Bxf3 Ne1+ 63. Kf2 Nxf3 0-1

[Event "Aeroflot Open 2011 B"]
[Site "Moscu RUS"]
[Date "2011.02.08"]
[Round "1.32"]
[White "Reshetnikov, Alexey"]
[Black "Mansour, Sameer"]
[Result "1-0"]
[WhiteElo "2478"]
[BlackElo "2318"]
[PlyCount "89"]
[EventDate "2011.02.08"]
[EventType "swiss"]
[EventRounds "9"]
[EventCountry "RUS"]
[Source "lmi"]
[SourceDate "2011.02.08"]

1. e4 c5 2. Nf3 Nc6 3. d4 cxd4 4. Nxd4 g6 5. c4 Nf6 6. Nc3 Nxd4 7. Qxd4 d6 8.
Be2 Bg7 9. O-O O-O 10. Qe3 Be6 11. Bd2 Qb6 12. b3 Qxe3 13. Bxe3 Rfc8 14. Rac1
Kf8 15. f4 Bd7 16. Bf3 Ne8 17. Rfd1 Bc6 18. Nb5 b6 19. Kf2 Nf6 20. Nc3 Nd7 21.
e5 Nc5 22. exd6 Bxc3 23. dxe7+ Kxe7 24. Bxc5+ bxc5 25. Rxc3 Bxf3 26. Kxf3 Rc6
27. Re3+ Re6 28. Rd5 Rc8 29. Rxe6+ fxe6 30. Rd3 Rf8 31. Ke4 h5 32. g3 Rf5 33.
h3 Rf8 34. Rd2 a5 35. Rd3 Rf7 36. Re3 Rf8 37. Kf3 Rd8 38. Ke2 Rb8 39. h4 Kf6
40. Kd2 a4 41. Kc2 axb3+ 42. axb3 Ra8 43. Kb2 Rd8 44. Re5 Rd3 45. Rg5 1-0

[Event "Aeroflot Open 2011 B"]
[Site "Moscu RUS"]
[Date "2011.02.08"]
[Round "1.33"]
[White "Poghosyan, Suren"]
[Black "Krapivin, Alexander"]
[Result "1-0"]
[WhiteElo "2317"]
[BlackElo "2476"]
[PlyCount "111"]
[EventDate "2011.02.08"]
[EventType "swiss"]
[EventRounds "9"]
[EventCountry "RUS"]
[Source "lmi"]
[SourceDate "2011.02.08"]

1. d4 d5 2. c4 e6 3. Nf3 c6 4. Qc2 Nf6 5. Bg5 Be7 6. cxd5 exd5 7. e3 Bg4 8. Nc3
Nbd7 9. Bd3 h6 10. Bh4 O-O 11. O-O-O Rc8 12. h3 Bxf3 13. gxf3 c5 14. dxc5 Rxc5
15. Kb1 Ne5 16. Be2 Qd7 17. Ka1 Rfc8 18. Qb3 Nc4 19. Bxc4 Rxc4 20. e4 Rb4 21.
Qc2 d4 22. Bxf6 Bxf6 23. Qd2 Rxc3 24. bxc3 dxc3 25. Qc2 Rb2 26. Rxd7 Rxc2 27.
f4 Rxf2 28. e5 Bh4 29. Rc1 Bg3 30. Rxc3 Bxf4 31. Rc8+ Kh7 32. Re8 b5 33. Rxa7
b4 34. Kb1 Bd2 35. Ree7 Kg6 36. h4 Bc3 37. Kc1 Rf5 38. Rxf7 Rxe5 39. Rxg7+ Kh5
40. Rge7 Rxe7 41. Rxe7 Kxh4 42. Kc2 h5 43. Re3 Kg4 44. Kd3 h4 45. Ke2 Kf4 46.
a4 Bd4 47. Rh3 Ke5 48. Rxh4 Kd5 49. Kd3 Bf2 50. Rh5+ Kc6 51. Rb5 Bc5 52. Kc4
Bb6 53. a5 Bc7 54. a6 Bb6 55. Rxb4 Kc7 56. Kd5 1-0

[Event "Aeroflot Open 2011 B"]
[Site "Moscu RUS"]
[Date "2011.02.08"]
[Round "1.35"]
[White "Kurukin, Dmitry"]
[Black "Kuderinov, Kirill"]
[Result "0-1"]
[WhiteElo "2313"]
[BlackElo "2469"]
[PlyCount "104"]
[EventDate "2011.02.08"]
[EventType "swiss"]
[EventRounds "9"]
[EventCountry "RUS"]
[Source "lmi"]
[SourceDate "2011.02.08"]

1. d4 Nf6 2. c4 e6 3. Nf3 Bb4+ 4. Bd2 Qe7 5. g3 b6 6. Bg2 Bb7 7. O-O Bxd2 8.
Qxd2 O-O 9. Nc3 d6 10. Qc2 Nbd7 11. e4 e5 12. Rfe1 a5 13. Rad1 Rfe8 14. Nh4 g6
15. Qd2 exd4 16. Qxd4 Qe5 17. f3 Qxd4+ 18. Rxd4 Nc5 19. Kf2 Re7 20. Bf1 Rae8
21. Ng2 Kg7 22. h4 Re5 23. Red1 Bc6 24. Nf4 h6 25. g4 Ne6 26. Nxe6+ fxe6 27.
R4d2 Rf8 28. Kg3 g5 29. h5 a4 30. Rc2 Rf7 31. Ne2 Be8 32. Nc1 Nd7 33. Nd3 Ra5
34. Be2 Ne5 35. Nxe5 Rxe5 36. Rcd2 Ra5 37. Kf2 Kf6 38. Ke3 Ke5 39. Rc1 c5 40.
Rdc2 b5 41. Rb1 bxc4 42. Bxc4 d5 43. Bd3 c4 44. Bf1 Rb7 45. exd5 exd5 46. Re1
Bd7 47. f4+ gxf4+ 48. Kf3+ Kf6 49. Rd1 a3 50. bxa3 Kg5 51. Rc3 Be6 52. Bh3 Rba7
0-1

[Event "Aeroflot Open 2011 B"]
[Site "Moscu RUS"]
[Date "2011.02.08"]
[Round "1.37"]
[White "Lu, Yijie"]
[Black "Wan, Yunguo"]
[Result "1-0"]
[WhiteElo "2311"]
[BlackElo "2469"]
[PlyCount "61"]
[EventDate "2011.02.08"]
[EventType "swiss"]
[EventRounds "9"]
[EventCountry "RUS"]
[Source "lmi"]
[SourceDate "2011.02.08"]

1. e4 c5 2. Nf3 d6 3. d4 cxd4 4. Nxd4 Nf6 5. Nc3 g6 6. Be3 a6 7. Be2 Bg7 8. Qd2
Nc6 9. O-O-O Ng4 10. Bxg4 Bxg4 11. f3 Be6 12. Nd5 Bxd5 13. exd5 Ne5 14. b3 Qc7
15. Kb1 b5 16. Rhe1 Qb7 17. Bh6 Bf6 18. g4 Bh4 19. Re4 f6 20. Ne6 Nxf3 21. Qe3
Ne5 22. g5 Bxg5 23. Bxg5 fxg5 24. Rxe5 dxe5 25. Qxe5 Rg8 26. d6 exd6 27. Nc7+
Kd7 28. Qxd6+ Kc8 29. Qe6+ Kxc7 30. Rd7+ Kc8 31. Rg7+ 1-0

[Event "Aeroflot Open 2011 B"]
[Site "Moscu RUS"]
[Date "2011.02.08"]
[Round "1.38"]
[White "Zilberman, Yaacov"]
[Black "Guo, Qi"]
[Result "1/2-1/2"]
[WhiteElo "2468"]
[BlackElo "2310"]
[PlyCount "175"]
[EventDate "2011.02.08"]
[EventType "swiss"]
[EventRounds "9"]
[EventCountry "RUS"]
[Source "lmi"]
[SourceDate "2011.02.08"]

1. d4 e6 2. Nf3 Nf6 3. c4 d5 4. Nc3 Bb4 5. Qa4+ Nc6 6. e3 O-O 7. Bd2 Bd7 8. Qc2
Re8 9. Rd1 Bf8 10. Be2 dxc4 11. Bxc4 Nb4 12. Qb1 c5 13. dxc5 Qc7 14. O-O Qxc5
15. Be2 e5 16. e4 Bg4 17. Be3 Qa5 18. a3 Nc6 19. Nd5 Nxd5 20. exd5 e4 21. Nd4
Ne5 22. h3 Bxe2 23. Nxe2 Nc4 24. Bf4 Qb6 25. Qa2 Rac8 26. b4 e3 27. Rd3 Qg6 28.
Rfd1 exf2+ 29. Kxf2 Qb6+ 30. Kf1 Bd6 31. Rd4 Bxf4 32. Rxc4 Be3 33. d6 Rcd8 34.
d7 Re7 35. Qb2 Qb5 36. Rg4 g6 37. Rg3 Rdxd7 38. Rxd7 Qxd7 39. Qc2 Qe6 40. Rf3
Bb6 41. g4 h6 42. Qd3 Qa2 43. Qd1 Qb2 44. Qe1 Rd7 45. Nc3 Kf8 46. Na4 Qc2 47.
Nxb6 Rd1 48. Nd7+ Kg7 49. Nc5 Rxe1+ 50. Kxe1 b6 51. Nb3 Qg2 52. Nd2 Kf8 53. Re3
h5 54. gxh5 gxh5 55. Nf1 h4 56. Nd2 Kg7 57. Rf3 Kg6 58. Kd1 f5 59. Ke1 Kf6 60.
Re3 f4 61. Rd3 Kf5 62. Kd1 Qf2 63. Rd5+ Ke6 64. Rd3 Ke5 65. Rf3 Qg1+ 66. Ke2
Qc1 67. Rd3 Qc2 68. Rf3 b5 69. Rd3 a6 70. Rf3 a5 71. bxa5 Qa4 72. Rd3 Qxa5 73.
Nf3+ Kf6 74. Rd6+ Ke7 75. Rd3 Qa4 76. Nd2 Ke6 77. Rb3 Qa8 78. Rd3 Qg2+ 79. Ke1
Ke5 80. Rb3 Kd4 81. Rf3 Kc5 82. Rc3+ Kb6 83. Rf3 Ka5 84. Rd3 Ka4 85. Rb3 Qg1+
86. Ke2 Qg2+ 87. Ke1 Qg1+ 88. Ke2 1/2-1/2

[Event "Aeroflot Open 2011 B"]
[Site "Moscu RUS"]
[Date "2011.02.08"]
[Round "1.39"]
[White "Demianjuk, Alexander"]
[Black "Obolenskikh, Dmitry"]
[Result "1/2-1/2"]
[WhiteElo "2305"]
[BlackElo "2567"]
[PlyCount "93"]
[EventDate "2011.02.08"]
[EventType "swiss"]
[EventRounds "9"]
[EventCountry "RUS"]
[Source "lmi"]
[SourceDate "2011.02.08"]

1. d4 Nf6 2. c4 c6 3. Nf3 d5 4. Nc3 dxc4 5. a4 e6 6. e3 c5 7. Bxc4 Nc6 8. O-O
Be7 9. Qe2 cxd4 10. Rd1 O-O 11. Nxd4 Nxd4 12. exd4 Qc7 13. Bg5 Qa5 14. Bh4 Nd5
15. Bxe7 Nxe7 16. d5 Nxd5 17. Nxd5 exd5 18. Rxd5 Qc7 19. Re5 Bg4 20. Qe4 Rad8
21. Re7 Bf5 22. Rxc7 Bxe4 23. Re1 Bc6 24. f3 Rd6 25. Ree7 Rf6 26. a5 a6 27. Kf2
h5 28. h4 g6 29. Ke3 Kg7 30. b3 Rf5 31. Be6 Re5+ 32. Kd4 Kf6 33. Rxf7+ Rxf7 34.
Bxf7 Rxa5 35. Bc4 g5 36. b4 Ra1 37. hxg5+ Kxg5 38. Bd3 Kf6 39. Be4 Bxe4 40.
Kxe4 Ra4 41. Rxb7 a5 42. Rb6+ Kg7 43. g3 Rxb4+ 44. Rxb4 axb4 45. Kd4 Kf6 46.
Kc4 Ke5 47. Kxb4 1/2-1/2

[Event "Aeroflot Open 2011 B"]
[Site "Moscu RUS"]
[Date "2011.02.08"]
[Round "1.40"]
[White "Kalegin, Evgenij"]
[Black "Shevelev, Arkady"]
[Result "1-0"]
[WhiteElo "2462"]
[BlackElo "2303"]
[PlyCount "63"]
[EventDate "2011.02.08"]
[EventType "swiss"]
[EventRounds "9"]
[EventCountry "RUS"]
[Source "lmi"]
[SourceDate "2011.02.08"]

1. e4 c6 2. d4 d5 3. Nd2 g6 4. h3 Bg7 5. Ngf3 Nh6 6. Bd3 O-O 7. O-O f6 8. c4 e6
9. Re1 Nf7 10. cxd5 exd5 11. exd5 cxd5 12. Nb3 b6 13. Bf4 Bh6 14. Bxh6 Nxh6 15.
Qd2 Nf7 16. Rac1 Qd6 17. Qc2 Bd7 18. Re3 Rc8 19. Qxc8+ Bxc8 20. Rxc8+ Kg7 21.
Ree8 a5 22. Rg8+ Kh6 23. Nbd2 a4 24. Nf1 Ng5 25. Nxg5 Kxg5 26. Ne3 Qf4 27. g3
Qxd4 28. h4+ Kh6 29. Be2 f5 30. g4 fxg4 31. Nxg4+ Kh5 32. Ne5+ 1-0

[Event "Aeroflot Open 2011 B"]
[Site "Moscu RUS"]
[Date "2011.02.08"]
[Round "1.41"]
[White "Dolzhykova, Kateryna"]
[Black "Stukopin, Andrey"]
[Result "0-1"]
[WhiteElo "2303"]
[BlackElo "2462"]
[PlyCount "48"]
[EventDate "2011.02.08"]
[EventType "swiss"]
[EventRounds "9"]
[EventCountry "RUS"]
[Source "lmi"]
[SourceDate "2011.02.08"]

1. e4 c5 2. Nf3 e6 3. c4 a6 4. Nc3 Nc6 5. Be2 Nd4 6. O-O Ne7 7. d3 Nec6 8. Nxd4
Nxd4 9. Be3 Be7 10. f4 d6 11. Bf3 O-O 12. e5 Qc7 13. Be4 Bd7 14. Bxd4 cxd4 15.
Bxh7+ Kxh7 16. Qh5+ Kg8 17. Ne4 f6 18. exf6 Bxf6 19. Ng5 Bxg5 20. fxg5 Qc5 21.
Rae1 Rxf1+ 22. Rxf1 Rf8 23. Rxf8+ Kxf8 24. Qf3+ Ke7 0-1

[Event "Aeroflot Open 2011 B"]
[Site "Moscu RUS"]
[Date "2011.02.08"]
[Round "1.42"]
[White "Sharafiev, Azat"]
[Black "Baghdasaryan, Vahe"]
[Result "1-0"]
[WhiteElo "2462"]
[BlackElo "2303"]
[PlyCount "57"]
[EventDate "2011.02.08"]
[EventType "swiss"]
[EventRounds "9"]
[EventCountry "RUS"]
[Source "lmi"]
[SourceDate "2011.02.08"]

1. d4 d5 2. c4 c6 3. Nc3 Nf6 4. Nf3 e6 5. e3 Nbd7 6. Bd3 Bd6 7. O-O O-O 8. Qc2
dxc4 9. Bxc4 a6 10. a3 b5 11. Bd3 Bb7 12. b4 a5 13. Rb1 Qe7 14. e4 axb4 15.
axb4 e5 16. Ne2 Bxb4 17. Ng3 exd4 18. e5 Nxe5 19. Nxe5 c5 20. Bf4 c4 21. Nf5
Qc5 22. Qb2 Nd5 23. Nd7 Qc6 24. Qxd4 f6 25. Rxb4 Rfe8 26. Be4 Rxe4 27. Qxe4
Qxd7 28. Rxb5 Qxb5 29. Qe6+ 1-0

[Event "Aeroflot Open 2011 B"]
[Site "Moscu RUS"]
[Date "2011.02.08"]
[Round "1.43"]
[White "Oganisjn, Roman"]
[Black "Barbosa, Oliver"]
[Result "1/2-1/2"]
[WhiteElo "2293"]
[BlackElo "2293"]
[PlyCount "56"]
[EventDate "2011.02.08"]
[EventType "swiss"]
[EventRounds "9"]
[EventCountry "RUS"]
[Source "lmi"]
[SourceDate "2011.02.08"]

1. Nf3 d5 2. d4 Nf6 3. Nc3 g6 4. e3 Bg7 5. Bd3 c5 6. dxc5 O-O 7. O-O Nbd7 8.
Na4 Qa5 9. b3 Ne4 10. Bb2 Bxb2 11. Nxb2 Ndxc5 12. Qe1 Qa3 13. Bxe4 Nxe4 14. Nd3
Qd6 15. Rd1 e6 16. c4 dxc4 17. Nde5 Qe7 18. Rd4 Nc5 19. Rxc4 a5 20. b4 Nd7 21.
bxa5 Nxe5 22. Nxe5 f6 23. Nd3 Bd7 24. Qb4 Qxb4 25. Rxb4 Rxa5 26. Rxb7 Bb5 27.
Rd1 Ba6 28. Rd7 Bxd3 1/2-1/2

[Event "Aeroflot Open 2011 B"]
[Site "Moscu RUS"]
[Date "2011.02.08"]
[Round "1.44"]
[White "Bitoon, Richard"]
[Black "Tarasova, Viktoriya"]
[Result "1-0"]
[WhiteElo "2461"]
[BlackElo "2289"]
[PlyCount "69"]
[EventDate "2011.02.08"]
[EventType "swiss"]
[EventRounds "9"]
[EventCountry "RUS"]
[Source "lmi"]
[SourceDate "2011.02.08"]

1. g3 d5 2. Bg2 Nf6 3. Nf3 Bg4 4. c4 c6 5. Ne5 Be6 6. O-O Nbd7 7. cxd5 Bxd5 8.
Nf3 c5 9. Nc3 Bc6 10. d4 cxd4 11. Nxd4 Bxg2 12. Kxg2 a6 13. e4 e6 14. Qe2 Qc7
15. Bg5 Bb4 16. Rac1 Bxc3 17. Rxc3 Qe5 18. Nf3 Qxe4 19. Qxe4 Nxe4 20. Rc7 b5
21. Rfc1 f6 22. Be3 e5 23. Rd1 Rd8 24. Ra7 g5 25. g4 h5 26. h3 hxg4 27. hxg4
Rf8 28. Rxa6 Rb8 29. Ng1 Nec5 30. Rc6 Na4 31. b3 Nab6 32. Ne2 Rf7 33. Ng3 Kf8
34. Nf5 e4 35. Bxb6 1-0

[Event "Aeroflot Open 2011 B"]
[Site "Moscu RUS"]
[Date "2011.02.08"]
[Round "1.46"]
[White "Sharavdorj, Dashzegve"]
[Black "Mammadova, Gulnar Marfat"]
[Result "1-0"]
[WhiteElo "2452"]
[BlackElo "2284"]
[PlyCount "73"]
[EventDate "2011.02.08"]
[EventType "swiss"]
[EventRounds "9"]
[EventCountry "RUS"]
[Source "lmi"]
[SourceDate "2011.02.08"]

1. d4 Nf6 2. c4 g6 3. Nc3 d5 4. cxd5 Nxd5 5. e4 Nxc3 6. bxc3 Bg7 7. Nf3 c5 8.
Rb1 O-O 9. Be2 Nc6 10. d5 Ne5 11. Nxe5 Bxe5 12. Qd2 e6 13. f4 Bc7 14. O-O exd5
15. exd5 Ba5 16. d6 Rb8 17. Ba3 Bf5 18. Rbd1 Rc8 19. Bf3 Qf6 20. d7 Rcd8 21.
Bxc5 Rxd7 22. Qe3 Rc8 23. Rxd7 Bxd7 24. Bd4 Qe6 25. Qd2 Qc4 26. Rf2 Bf5 27.
Bxb7 Rb8 28. Qe3 Qc7 29. Re2 Be6 30. f5 Rxb7 31. fxe6 Rb1+ 32. Re1 Rxe1+ 33.
Qxe1 fxe6 34. Qxe6+ Kf8 35. Qf6+ Qf7 36. Qh8+ Qg8 37. Qe5 1-0

[Event "Aeroflot Open 2011 B"]
[Site "Moscu RUS"]
[Date "2011.02.08"]
[Round "1.47"]
[White "Wang, Jue"]
[Black "Lushenkov, Mikhail"]
[Result "1/2-1/2"]
[WhiteElo "2252"]
[BlackElo "2451"]
[PlyCount "96"]
[EventDate "2011.02.08"]
[EventType "swiss"]
[EventRounds "9"]
[EventCountry "RUS"]
[Source "lmi"]
[SourceDate "2011.02.08"]

1. e4 e5 2. Nf3 Nc6 3. Bb5 a6 4. Ba4 Nf6 5. O-O Be7 6. Re1 b5 7. Bb3 d6 8. c3
O-O 9. h3 Nb8 10. d4 Nbd7 11. Nbd2 Bb7 12. Bc2 Re8 13. Nf1 Bf8 14. Ng3 g6 15.
Bg5 h6 16. Bd2 c5 17. d5 c4 18. Be3 Nh7 19. Qd2 h5 20. Nh2 Be7 21. Ne2 Bg5 22.
b4 cxb3 23. axb3 Bxe3 24. Qxe3 Qb6 25. Nf1 a5 26. Qxb6 Nxb6 27. Bd3 b4 28. cxb4
axb4 29. Ne3 Ra3 30. Rxa3 bxa3 31. Ra1 Ra8 32. Nc2 f5 33. f3 fxe4 34. fxe4 Ba6
35. Bxa6 Rxa6 36. Rxa3 Rxa3 37. Nxa3 Nf6 38. Nc3 Kf7 39. Nab5 Ke7 40. Nc7 Nbd7
41. b4 Nb6 42. Ne6 Nxe4 43. Nxe4 Nxd5 44. N6g5 Nxb4 45. Nf3 Ke6 46. Neg5+ Kf6
47. Ne4+ Ke6 48. Neg5+ Kf6 1/2-1/2